disneyland - Statistiques

Statistiques générales
  • Ce quiz a été pris 297 fois
  • Le résultat moyen est 5 sur 10
Statistiques - réponses
Hint Réponse % Correct
Son ancien nom Euro disney
80%
Comment se nomme l'allée centrale Main street
80%
Où est située l'attraction indiana jones et le temple du péril Adventureland
74%
Dans quel pays devait-il être initialement construit espagne
67%
A quel groupe est associé Rock'n'Roller coaster Aerosmith
59%
Où est situé le dragon de merlin Sous le chateau
55%
Dans quelle ville est-il situé Chessy
49%
Date d'ouverture du parc Avril 1992
25%
Nom du deuxième parc disney studios
22%
Quelle attraction à ouverte en mai 1995 Space moutain
14%
Aucun quiz correspondant
Distribution des résultats
% des personnes avec chaque résultat
Percentile par nombre de réponses
Votre historique - résultats
Vous n’avez pas pris ce quiz